One Piece - Point Commun #2 - Statistiques

Statistiques générales
  • Ce quiz a été pris 78 fois
  • Le résultat moyen est 5 sur 12
Statistiques - réponses
Par images Réponse % Correct
Equipage au chapeau de paille
88%
Homme - Poisson
83%
Fluide perceptif avancé
58%
Cyborg
52%
Zoan Mythique
43%
Personnage mort
42%
Cuisinier
38%
Fruit du démon éveillé
37%
Enfant d'empereur
25%
Mineur en âge
25%
Originaire d'East Blue
18%
Introduit durant Jaya
2%
Aucun quiz correspondant
Distribution des résultats
% des personnes avec chaque résultat
Percentile par nombre de réponses
Votre historique - résultats
Vous n’avez pas pris ce quiz